Central Library OPAC University of Rajshahi

Five Esssay By Dean Inge / (Record no. 28804)

MARC details
000 -LEADER
fixed length control field 00556nam a22002177a 4500
001 - CONTROL NUMBER
control field 28804
003 - CONTROL NUMBER IDENTIFIER
rucl marc code BD-RjUL
005 - DATE AND TIME OF LATEST TRANSACTION
control field 20211209051330.0
008 - FIXED-LENGTH DATA ELEMENTS--GENERAL INFORMATION
fixed length control field 140401s1950 ii |||| |||| 000 0 eng d
035 ## - SYSTEM CONTROL NUMBER
System control number (BD-RjUL) 28886
040 ## - CATALOGING SOURCE
Original cataloging agency BD-RjUL
Language of cataloging eng
Transcribing agency BD-RjUL
041 ## - LANGUAGE CODE
Language code of text/sound track or separate title eng
082 04 - DEWEY DECIMAL CLASSIFICATION NUMBER
Classification number 824
Author mark and year INF
100 1# - MAIN ENTRY--PERSONAL NAME
Personal name Inge Dean
9 (RLIN) 88088
245 ## - TITLE STATEMENT
Title Five Esssay By Dean Inge /
Statement of responsibility, etc. Dean Inge
260 ## - PUBLICATION, DISTRIBUTION, ETC. (IMPRINT)
Place of publication, distribution, etc. Bombay :
Name of publisher, distributor, etc. Oriental Longmans,
Date of publication, distribution, etc. 1950.
300 ## - PHYSICAL DESCRIPTION
Pagination v,215 p. ;
Size 17cm.
650 ## - SUBJECT ADDED ENTRY--TOPICAL TERM
Topical term or geographic name as entry element Esssay
9 (RLIN) 88089
700 1# - ADDED ENTRY--PERSONAL NAME
Personal name Wodehouse E. A
942 ## - ADDED ENTRY ELEMENTS (KOHA)
Source of classification or shelving scheme Dewey Decimal Classification
Koha item type Books
Holdings
Lost status Source of classification or shelving scheme Damaged status Not for loan Collection code Permanent Location Current Location Shelving location Date acquired Source of acquisition Total Checkouts Full call number Date last seen Copy number Koha item type
  Dewey Decimal Classification   Added to bundle Non-fiction Central Library, University of Rajshahi Central Library, University of Rajshahi Reading Room 25/01/1958 V. C. R. U gift   824 INF 1950 01/04/2014 C-1 Books